| 000 | 00723nam a22001697a 4500 | ||
|---|---|---|---|
| 999 |
_c62883 _d62883 |
||
| 003 | Ge_BSU | ||
| 005 | 20250314154846.0 | ||
| 008 | 250314s1979 ge ||||| |||| 00| 0 geo d | ||
| 041 | _ageo | ||
| 080 | _a616.12-007.2-089 გ-93 | ||
| 245 |
_aგულის ზოგიერთი თანდაყოლილი მანკი და მათი ქირურგიული მკურნალობა / _c პროფ. ვ.ე. ფიფიას რედ. |
||
| 264 |
_aთბ. : _b საბჭ. საქართველო, _c1979. |
||
| 300 |
_a104გვ. : _bილ. ; _c 20სმ. |
||
| 653 | _aგულის მანკი | ||
| 653 | _aმედიცინა | ||
| 942 |
_2udc _cᲬᲘᲒᲜᲘ |
||